Score 0/20 Timer 03:00
0 Plays Today
Film Missing Word % Correct
_____ NemoFinding
98.2%
The Da Vinci _____Code
97.8%
Mission: _____Impossible
97.1%
Men in _____ 3Black
96.7%
_____ and the CitySex
96.4%
Die _____ with a VengeanceHard
92.8%
What _____ in VegasHappens
92.5%
The Day After _____Tomorrow
92.1%
Indiana Jones and the _____ of DoomTemple
91%
_____ and LouiseThelma
89.3%
Film Missing Word % Correct
_____ the BarbarianConan
87.3%
Sixteen _____Candles
84.4%
_____ GunTop
84%
The _____ ReloadedMatrix
81.8%
Star _____ Into DarknessTrek
81.3%
Star Wars Episode IV: A New _____Hope
63.4%
X-Men Origins: _____Wolverine
61.5%
Battlefield _____Earth
53.1%
The _____ of the Pink PantherReturn
51.4%
_____ Forever AfterShrek
39.9%

Today's Daily Dose

Missing Word
'T' Pairs

Word Ladder
Game Pieces

Get the Picture
Baseball Movies

Remove Ads.
Support Sporcle.
Get the best of Sporcle when you Go Orange. This ad-free experience offers more features, more stats, and more fun while also helping to support Sporcle. Thank you for becoming a member.

You're not logged in!

Compare scores with friends on all Sporcle quizzes.
OR
Log In

Show Comments

Extras

Top Quizzes Today


Score Distribution

Your Account Isn't Verified!

In order to create a playlist on Sporcle, you need to verify the email address you used during registration. Go to your Sporcle Settings to finish the process.

Report this User

Report this user for behavior that violates our Community Guidelines.

Details: